| 000 | 00000nam##2200000za#4500 |
| 001 | 9.571625 |
| 003 | CaOODSP |
| 005 | 20211126112844 |
| 007 | cr ||||||||||| |
| 008 | 150406|1994||||xxc|||||o f|0| 0 eng|d |
| 022 | |a1701-9397 |
| 040 | |aCaOODSP|beng |
| 043 | |an-cn--- |
| 086 | 1 |aFB3-2/94-4E-PDF |
| 110 | 2 |aBank of Canada. |
| 245 | 13|aAn up-to-date and improved BVAR model of the Canadian economy / |h[electronic resource]|cby Daniel Racette, Jacques Raynauld and Christian Sigouin. |
| 260 | |aOttawa - Ontario : |bBank of Canada |cMarch 1994. |
| 300 | |a59p.|bgraphs, references, tables |
| 490 | 1 |aBank of Canada working paper|x1701-9397|v94-4 |
| 500 | |a"In this paper, we estimate a fully optimized BVAR model of the Canadian economy for the period 1971-87."--Abstract. |
| 500 | |aThe ISBN (0-662-21474-9) and ISSN (1192-5434) for the print edition have been incorrectly copied in this electronic publication. |
| 520 | 3 |aIn this paper, we estimate a fully optimized BVAR model of the Canadian economy for the period 1971-87.--Abstract |
| 546 | |aRésumé en français. |
| 590 | |a11-19-Supp|b2011-09-23 |
| 720 | 1 |aRacette, Daniel |
| 720 | 1 |aRaynauld, Jacques |
| 720 | 1 |aSigouin, Christian |
| 830 | #0|aWorking paper (Bank of Canada)|x1701-9397|v94-4|w(CaOODSP)9.504604 |
| 856 | 40|ahttp://publications.gc.ca|qPDF|s242 KB|uhttps://publications.gc.ca/collections/Collection/FB3-2-94-4E.pdf|y94-4 |